| 000 | 00344nam a22001217a 4500 | ||
|---|---|---|---|
| 008 | 230621b xxu||||| |||| 00| 0 eng d | ||
| 020 | _a1565170105 | ||
| 082 |
_a327.73 _bLAN 1993 |
||
| 245 |
_aUnited States and Africa: _bInto the Twenty- First Century |
||
| 260 |
_aUSA _bOverseas Development Council _c1993 |
||
| 300 | _aVII,62p | ||
| 942 |
_2ddc _cBK |
||
| 999 |
_c1948 _d1948 |
||